Beyond right and left : (Record no. 15753)

000 -LEADER
fixed length control field 01063nam a2200289 a 4500
001 - CONTROL NUMBER
control field ASIN1741145708
005 - DATE AND TIME OF LATEST TRANSACTION
control field 20170105102924.0
008 - FIXED-LENGTH DATA ELEMENTS--GENERAL INFORMATION
fixed length control field 131211s2005 xxu eng d
020 ## - INTERNATIONAL STANDARD BOOK NUMBER
International Standard Book Number 1741145708 (paperback)
Terms of availability $27.95
020 ## - INTERNATIONAL STANDARD BOOK NUMBER
International Standard Book Number 9781741145700 (paperback)
040 ## - CATALOGING SOURCE
Original cataloging agency 0
050 04 - LIBRARY OF CONGRESS CALL NUMBER
Classification number JQ4031
082 04 - DEWEY DECIMAL CLASSIFICATION NUMBER
Classification number 320.994
Author Mark MCK 2007
100 1# - MAIN ENTRY--PERSONAL NAME
Personal name McKnight, David.
245 10 - TITLE STATEMENT
Title Beyond right and left :
Remainder of title new politics and the culture wars /
Statement of responsibility, etc. David McKnight.
260 ## - PUBLICATION, DISTRIBUTION, ETC.
Place of publication, distribution, etc. [S.l.] :
Name of publisher, distributor, etc. Allen & Unwin Pty LTD,
Date of publication, distribution, etc. 2005.
300 ## - PHYSICAL DESCRIPTION
Extent 304 p. ;
Dimensions 21 cm.
520 ## - SUMMARY, ETC.
Summary, etc. Maps the death of politics based on the traditional opposition between Left and Right, and offers a provocative argument for the emergence of a new values-based politics in Australia.
650 #0 - SUBJECT ADDED ENTRY--TOPICAL TERM
Topical term or geographic name entry element Australia
650 #0 - SUBJECT ADDED ENTRY--TOPICAL TERM
Topical term or geographic name entry element Conservatism
650 #0 - SUBJECT ADDED ENTRY--TOPICAL TERM
Topical term or geographic name entry element Political science
650 #0 - SUBJECT ADDED ENTRY--TOPICAL TERM
Topical term or geographic name entry element Politics and culture
650 #0 - SUBJECT ADDED ENTRY--TOPICAL TERM
Topical term or geographic name entry element Right and left (Political science)
650 #0 - SUBJECT ADDED ENTRY--TOPICAL TERM
Topical term or geographic name entry element Socialism
856 40 - ELECTRONIC LOCATION AND ACCESS
Materials specified Amazon.com
Uniform Resource Identifier <a href="http://www.amazon.com/exec/obidos/ASIN/1741145708/chopaconline-20">http://www.amazon.com/exec/obidos/ASIN/1741145708/chopaconline-20</a>
942 ## - ADDED ENTRY ELEMENTS (KOHA)
Source of classification or shelving scheme
Koha item type Book
Holdings
Withdrawn status Lost status Damaged status Not for loan Collection code Permanent Location Current Location Shelving location Date acquired Total Checkouts Full call number Barcode Date last seen Price effective from Koha item type
          Centre for International Peace & Stability (CIPS) Centre for International Peace & Stability (CIPS) General Stacks 09/30/2013   320.994 MCK 2007 CIPS0001171 12/11/2013 12/11/2013 Book
© 2023 Central Library, National University of Sciences and Technology. All Rights Reserved.